| 000 | 00405nam a2200157Ia 4500 | ||
|---|---|---|---|
| 008 | 180921t2016 xxu||||| |||| 00| 0 eng d | ||
| 041 | _aeng | ||
| 080 |
_a39 _bWIC |
||
| 100 |
_aW.A.Abeysinghe _eed. |
||
| 245 | _aMartin Wickramasinghe on Culture and Civilization | ||
| 260 |
_bSarasa _aRajagiriya _c2016 |
||
| 300 | _b440p, 22cm | ||
| 942 | _cBK | ||
| 999 |
_c6191 _d6191 |
||
| 003 | LK-CoDNM | ||
| 040 |
_aLK-CoDNM _dLK-CoDNM _eLK-CoDNM |
||